000 00605nam a2200217 a 4500
001 41698
003 BD-RjUL
005 20211209053433.0
008 160605m19661963nyu b 001 0 eng
035 _a(BD-RjUL) 41816
040 _aDLC
_cDLC
_dDLC
_dBD-RjUL
_beng
041 _aeng
082 0 0 _a321.09
_223
_bARO 1966
100 1 _aArendt, Hannah,
_d1906-1975.
_9128085
245 1 0 _aOn revolution /
_cHannah Arendt
260 _aNew York :
_bViking Press,
_cc1963 [printing 1966]
300 _a343 p. ;
_c22 cm.
504 _aIncludes bibliography.
650 0 _aRevolutions.
_9128086
942 _2ddc
_cBK
999 _c41698
_d41698